List Of All Teams That Ever Played At Least 2 UEFA Champions League - Statistics

General Stats
  • This quiz has been taken 76 times
  • The average score is 63 of 88
Answer Stats
Country Best position # of participations Club % Correct
Italy Champion 17 AC Milan
100%
Spain Champion 21 FC Barcelona
100%
Netherlands Champion 13 Ajax
99%
England Runner-up 19 Arsenal
99%
Portugal Champion 21 FC Porto
99%
Italy Champion 11 Internazionale
99%
Italy Champion 17 Juventus
99%
England Champion 9 Liverpool
99%
England Champion 20 Manchester United
99%
Spain Champion 21 Real Madrid
99%
Germany Champion 20 Bayern München
97%
France Semi-finals 14 Lyon
97%
France Semi-finals 9 Paris Saint-Germain
97%
England Champions 14 Chelsea
96%
Germany Champion 11 Borussia Dortmund
94%
England Semi-finals 6 Manchester City
94%
Scotland Round of 16 9 Celtic
93%
Scotland Round of 16 10 Glasgow Rangers
93%
Spain Runner-up 7 Atlético Madrid
90%
Portugal Quarter-finals 12 Benfica
90%
Turkey Quarter-finals 14 Galatasaray
90%
Netherlands Semi-finals 15 PSV Eindhoven
90%
Italy Quarter-finals 9 AS Roma
89%
France Champion 9 Olympique de Marseille
89%
Spain Runner-up 10 Valencia
89%
Croatia Group stage 6 Dinamo Zagreb
86%
Italy Quarter-finals 5 Lazio
86%
Italy Round of 16 3 Napoli
86%
Czech Republic Round of 16 7 Sparta Praha
86%
England Quarter-finals 2 Tottenham Hotspur
86%
Spain Round of 16 4 Sevilla
85%
France Runner-up 7 AS Monaco
83%
Germany Runner-up 11 Bayer Leverkusen
83%
Switzerland Round of 16 7 Basel
82%
Ukraine Quarter-finals 11 Shakhtar Donetsk
81%
Russia Round of 16 6 Zenit St. Petersburg
81%
Turkey Group stage 6 Beşiktaş
79%
Portugal Round of 16 7 Sporting CP
79%
Belgium Group stage 11 Anderlecht
78%
Russia Quarter-finals 10 CSKA Moscow
78%
Greece Group stage 4 AEK Athens
75%
Netherlands Group stage 4 Feyenoord
75%
France Round of 16 5 Lille
75%
Germany Semi-finals 7 Schalke 04
75%
Denmark Round of 16 4 København
74%
Sweden Group stage 2 Malmö FF
74%
Greece Quarter-finals 17 Olympiacos
72%
Spain Group stage 2 Athletic Bilbao
71%
France Quarter-finals 4 Girondins de Bordeaux
71%
Belgium Group stage 5 Club Brugge
69%
Greece Semi-finals 9 Panathinaikos
69%
Russia Quarter-finals 11 Spartak Moscow
69%
Austria Group stage 2 Rapid Wien
68%
Germany Group stage 2 Hamburg
65%
England Group Stage 2 Newcastle United
65%
Portugal Group stage 2 Braga
64%
Turkey Quarter-finals 6 Fenerbahçe
64%
Poland Quarter-finals 2 Legia Warsaw
64%
Italy Round of 16 3 Fiorentina
63%
Germany Group stage 2 Borussia Mönchengladbach
61%
Romania Group stage 7 Steaua București
61%
Belgium Group stage 2 Genk
58%
Germany Round of 16 7 Werder Bremen
58%
Norway Quarter-finals 11 Rosenborg
57%
Belarus Group stage 5 BATE Borisov
56%
Israel Group stage 2 Maccabi Tel Aviv
56%
Germany Round of 16 3 Stuttgart
56%
Russia Round of 16 3 Lokomotiv Moscow
53%
Germany Quarter-finals 2 Wolfsburg
51%
Spain Semi-finals 5 Deportivo La Coruña
50%
Ukraine Semi-finals 16 Dynamo Kyiv
50%
Israel Group stage 2 Maccabi Haifa
50%
Cyprus Quarter-finals 3 APOEL
49%
Spain Semi-finals 3 Villarreal
49%
France Semi-finals 2 Nantes
47%
Serbia Group stage 2 Partizan Belgrade
46%
Romania Group stage 3 CFR Cluj
44%
Sweden Quarter-finals 4 IFK Göteborg
43%
Bulgaria Group stage 2 Ludogorets Razgrad
43%
Slovenia Group stage 2 Maribor
43%
Spain Round of 16 2 Real Sociedad
43%
Portugal Group stage 2 Boavista
42%
Austria Group stage 3 Sturm Graz
42%
France Group stage 2 Lens
40%
Russia Group stage 2 Rubin Kazan
40%
Czech Republic Group stage 2 Viktoria Plzeň
40%
France Quarter-finals 3 Auxerre
38%
Switzerland Group stage 2 Grasshopper
38%
No matching quizzes found
Score Distribution
Percent of People with Each Score
Percentile by Number Answered
Your Score History
You have not taken this quiz